000 00531nam a2200181Ia 4500
999 _c14045
_d14045
003 OSt
005 20201113102629.0
008 190216s9999||||xx |||||||||||||| ||und||
020 _a8172242344
040 _coclc
082 _a824
_bMCD/B
100 _aMcdermott, Robert .A
_96266
245 0 _aBasic Writings Of S Radhakrishnan /
_cRobert A Mcdermott
260 _bJaico Publishing House,
_c1994.
_aNew delhi :
300 _a344p
650 _aEnglish General
942 _cBK
_2ddc
_h824
_iMCD/B
_k824
_mMCD/B